1726 1190 1120 1515 1652 1022 1889 1279 1236 1057 1480 1438 1007 1338 1862 1627 1547 1538 1525 1880 1751 1808 1251 1511 1506 1963 1978 1437 1009 1141 1442 1460 1585 1658 1050 1286 1439 1440 1182 1178 1519 1675 1542 1483 1888 1423 1392 1319 1881 1086 1514 1732 1468 1643 1123 1338 1963 1140 1125 1055 1246 1342 1360 1616 1639 1171 1075 1105 1076 1193 1570 1844 1545 1035 1606 1683 1569 1492 1686 1170 1811 1477 1245 1430 1331 1522 1155 1432 1349 1371 1558 1809 1078 1055 1408 1088 1567 1105 1149 BCNSPRNW ULIB Ver.6.0+V

เปลี่ยนเป็นภาษาไทย

Change to English
 แสดงรายละเอียดบรรณานุกรม
  กลับหน้าหลัก

Brief Record : Get Marc (ISO 2709) : E-mail record : QR code < ปิดหน้าต่าง
LEADER : 00000nam 2200000uu 4500
001    13399114926
003     ULIB
008    020711s2553 th a 000 0 tha d
060  0 WS125^bป546ก
100    ^aปานจันทร์ จ่างแก้ว
245    การส่งเสริมการเลี้ยงบุตรด้วยนมมารดา /^cปานจันทร์ จ่างแก้ว
260    ^aพิษณุโลก :^bวิทยาลัยพยาบาลบรมราชชนี พุทธชินราช,^c2551
300    ^a81 หน้า
650  7 นมมารดา
650  7 เลี้ยงบุตร
710 1  ^aวิทยาลัยพยาบาลบรมราชชนี พุทธชินราช
945    ^p0^l0^i023484
995    ทศพร
999 ^a ทศพร
รายการนี้ยังไม่มีแท็ก
คุณยังไม่ได้ล็อกอิน คุณสามารถมีกิจกรรมร่วมกับเว็บไซต์ได้ แต่ต้องล็อกอินก่อน ::
  ล็อกอิน

รายการสื่อสารสนเทศ

ลำดับที่ ประเภท เลขเรียก/บาร์โค้ด สถานที่ สถานะ
- ไม่พบข้อมูล -

รายการใกล้เคียง
    หัวเรื่อง [นมมารดา]

BibComment


ยังไม่เคยถูกคอมเมนท์

คอมเมนท์ทรัพยากรรายการนี้
  คอมเมนท์: การส่งเสริมการเลี..


 Copyright 2026. Bcnsprnw @Library